<?xml version="1.0" encoding="UTF-8"?>
<collection xmlns="http://www.loc.gov/MARC21/slim">
 <record>
  <leader>01696oam2a2200325   4500</leader>
  <controlfield tag="001">in00000004269</controlfield>
  <controlfield tag="005">20230616112943.9</controlfield>
  <datafield tag="010" ind1=" " ind2=" ">
   <subfield code="a">978-7-121-37212-4</subfield>
   <subfield code="d">CNY78.00</subfield>
  </datafield>
  <datafield tag="035" ind1=" " ind2=" ">
   <subfield code="a">009903780</subfield>
  </datafield>
  <datafield tag="100" ind1=" " ind2=" ">
   <subfield code="a">20200408d2020    em y0chiy0110    ea</subfield>
  </datafield>
  <datafield tag="101" ind1="1" ind2=" ">
   <subfield code="a">chi</subfield>
   <subfield code="c">eng</subfield>
  </datafield>
  <datafield tag="102" ind1=" " ind2=" ">
   <subfield code="a">CN</subfield>
   <subfield code="b">110000</subfield>
  </datafield>
  <datafield tag="105" ind1=" " ind2=" ">
   <subfield code="a">a   z   000yy</subfield>
  </datafield>
  <datafield tag="106" ind1=" " ind2=" ">
   <subfield code="a">r</subfield>
  </datafield>
  <datafield tag="200" ind1="1" ind2=" ">
   <subfield code="a">精益－敏捷项目管理</subfield>
   <subfield code="9">jing yi－min jie xiang mu guan li</subfield>
   <subfield code="e">实现企业级敏捷</subfield>
   <subfield code="d">Lean-agile software development</subfield>
   <subfield code="e">achieving enterprise agility</subfield>
   <subfield code="e">钻石版</subfield>
   <subfield code="f">(美)艾伦·沙洛维(Alan Shalloway)，(美)盖伊·比弗(Guy Beaver)，(美)詹姆斯·R. 特罗特(James R. Trott)著</subfield>
   <subfield code="g">王雪露译</subfield>
   <subfield code="z">eng</subfield>
  </datafield>
  <datafield tag="210" ind1=" " ind2=" ">
   <subfield code="a">北京</subfield>
   <subfield code="c">电子工业出版社</subfield>
   <subfield code="d">2020</subfield>
  </datafield>
  <datafield tag="215" ind1=" " ind2=" ">
   <subfield code="a">14,236页</subfield>
   <subfield code="c">图</subfield>
   <subfield code="d">24cm</subfield>
  </datafield>
  <datafield tag="225" ind1="2" ind2=" ">
   <subfield code="a">项目管理核心资源库</subfield>
   <subfield code="i">敏捷项目管理</subfield>
  </datafield>
  <datafield tag="330" ind1=" " ind2=" ">
   <subfield code="a">本书基于敏捷原则从企业视角扩展Scrum过程，介绍了敏捷技术在高品质软件开发中的巨大潜力，并集成了软件开发中的精益原则与实践。作者深入探讨了浮现式设计并演示了应用这项技术如何实现有效的迭代开发。</subfield>
  </datafield>
  <datafield tag="461" ind1=" " ind2="0">
   <subfield code="1">2001 </subfield>
   <subfield code="a">项目管理核心资源库</subfield>
  </datafield>
  <datafield tag="462" ind1=" " ind2="0">
   <subfield code="1">2001 </subfield>
   <subfield code="a">敏捷项目管理</subfield>
  </datafield>
  <datafield tag="510" ind1="1" ind2=" ">
   <subfield code="a">Lean-agile software development</subfield>
   <subfield code="e">achieving enterprise agility</subfield>
   <subfield code="z">eng</subfield>
  </datafield>
  <datafield tag="606" ind1="0" ind2=" ">
   <subfield code="a">企业管理</subfield>
   <subfield code="x">应用软件</subfield>
  </datafield>
  <datafield tag="606" ind1="0" ind2=" ">
   <subfield code="a">企业管理</subfield>
   <subfield code="x">项目管理</subfield>
  </datafield>
  <datafield tag="690" ind1=" " ind2=" ">
   <subfield code="a">F272.7-39</subfield>
   <subfield code="v">5</subfield>
  </datafield>
  <datafield tag="701" ind1=" " ind2="0">
   <subfield code="c">(美)</subfield>
   <subfield code="a">沙洛维</subfield>
   <subfield code="9">sha luo wei</subfield>
   <subfield code="c">(Shalloway, Alan)</subfield>
   <subfield code="4">著</subfield>
  </datafield>
  <datafield tag="701" ind1=" " ind2="0">
   <subfield code="c">(美)</subfield>
   <subfield code="a">比弗</subfield>
   <subfield code="9">bi fu</subfield>
   <subfield code="c">(Beaver, Guy)</subfield>
   <subfield code="4">著</subfield>
  </datafield>
  <datafield tag="701" ind1=" " ind2="0">
   <subfield code="c">(美)</subfield>
   <subfield code="a">特罗特</subfield>
   <subfield code="9">te luo te</subfield>
   <subfield code="c">(Trott, James R.)</subfield>
   <subfield code="4">著</subfield>
  </datafield>
  <datafield tag="702" ind1=" " ind2="0">
   <subfield code="a">王雪露</subfield>
   <subfield code="9">wang xue lu</subfield>
   <subfield code="4">译</subfield>
  </datafield>
  <datafield tag="999" ind1="f" ind2="f">
   <subfield code="s">ec3a9252-5d32-4820-9fd4-0ebd09d0893b</subfield>
   <subfield code="i">5d2697fd-54e5-4670-ac93-056de017e1bb</subfield>
  </datafield>
 </record>
</collection>
